Départements français - SPRINT 120 sec. (AVEC CARTE) - Statistiques

Statistiques générales
  • Ce quiz a été pris 439 fois
  • Le résultat moyen est 54 sur 101
Réponses sur la Carte
Les réponses sont colorées sur une échelle allant du rouge au vert en fonction du pourcentage des utilisateurs qui les ont devinées à leur premier essai. Vous pouvez retrouver ces pourcentages ci-dessous.
 
Statistiques - réponses
Départements % Correct
42 Loire
86%
02 Aisne
84%
59 Nord
81%
01 Ain
80%
27 Eure
76%
29 Finistère
75%
14 Calvados
70%
30 Gard
70%
33 Gironde
70%
45 Loiret
70%
60 Oise
70%
10 Aube
69%
11 Aude
69%
46 Lot
69%
50 Manche
69%
55 Meuse
69%
57 Moselle
69%
75 Paris
69%
03 Allier
68%
08 Ardennes
68%
73 Savoie
68%
83 Var
68%
32 Gers
67%
80 Somme
65%
07 Ardèche
64%
67 Bas-Rhin
64%
51 Marne
64%
62 Pas-de-Calais
64%
69 Rhône (et métropole de Lyon)
64%
85 Vendée
64%
15 Cantal
63%
68 Haut-Rhin
62%
56 Morbihan
62%
61 Orne
62%
81 Tarn
62%
40 Landes
61%
72 Sarthe
61%
36 Indre
60%
18 Cher
59%
16 Charente
58%
2B Haute-Corse
58%
53 Mayenne
58%
24 Dordogne
57%
39 Jura
56%
2A Corse-du-Sud
55%
973 Guyane
55%
84 Vaucluse
55%
09 Ariège
53%
21 Côte-d'Or
53%
22 Côtes-d'Armor
53%
23 Creuse
53%
26 Drôme
53%
28 Eure-et-Loir
53%
34 Hérault
53%
41 Loir-et-Cher
53%
971 Guadeloupe
52%
35 Ille-et-Vilaine
52%
74 Haute-Savoie
51%
38 Isère
51%
12 Aveyron
50%
58 Nièvre
50%
19 Corrèze
49%
25 Doubs
49%
52 Haute-Marne
48%
76 Seine-Maritime
48%
89 Yonne
48%
91 Essonne
47%
974 La Réunion
47%
48 Lozère
47%
976 Mayotte
47%
86 Vienne
47%
88 Vosges
47%
972 Martinique
46%
78 Yvelines
45%
47 Lot-et-Garonne
44%
87 Haute-Vienne
43%
37 Indre-et-Loire
43%
77 Seine-et-Marne
43%
95 Val-d'Oise
43%
43 Haute-Loire
42%
44 Loire-Atlantique
42%
82 Tarn-et-Garonne
40%
13 Bouches-du-Rhône
39%
54 Meurthe-et-Moselle
39%
17 Charente-Maritime
38%
63 Puy-de-Dôme
37%
06 Alpes-Maritimes
36%
79 Deux-Sèvres
36%
05 Hautes-Alpes
36%
49 Maine-et-Loire
36%
90 Territoire de Belfort
36%
94 Val-de-Marne
34%
31 Haute-Garonne
33%
92 Hauts-de-Seine
31%
71 Saône-et-Loire
29%
70 Haute-Saône
28%
64 Pyrénées-Atlantiques
28%
66 Pyrénées-Orientales
28%
93 Seine-Saint-Denis
27%
04 Alpes-de-Haute- Provence
25%
65 Hautes-Pyrénées
25%
Aucun quiz correspondant
Distribution des résultats
% des personnes avec chaque résultat
Percentile par nombre de réponses
Votre historique - résultats
Vous n’avez pas pris ce quiz